000 00747nam a2200253 4500
001 0011761
003 DO-SdBNP
005 20180208110712.0
007 0011761
008 161114b 1988 sp||||| |||| 00| 0 spa d
020 _a8477122075
040 _aBPMSU
_bspa
_cBPMSU
082 _axxxxxxxxx
_bxxxxxxxx
100 1 _aCarroll, Lewis
245 1 0 _aAlicia en el país de las maravillas /
_cLewis Carroll ; ilustración Francesc Rovira
260 _aBarcelona :
_bEditorial multilibro
_c1988
300 _a26 p. :
_bil.,
_c20 cm.
490 _aCuentos clásicos
_v11
700 1 _aRovira, Francesc
_eil.
830 0 _aCuentos clásicos
_v11
942 _2ddc
_cBK
945 _ainventariado, 2018 / dg
956 _aBTAVÁREZ
_b10
_c20161114
_d0011761
999 _c11947
_d11947